000 00306nam a2200121Ia 4500
008 191201s2010 xx 000 0 und d
100 _aSHAKESPEARE, William
245 0 _aMerchant of Venice
260 _bKalyani Navyug Media Pvt Ltd
_c2010
300 _a76
650 _aGeneral Books
942 _2ddc
_cBK
999 _c6784
_d6784